| 000 | 00525nam a2200121Ia 4500 | ||
|---|---|---|---|
| 008 | 171212s9999 xx 000 0 und d | ||
| 020 | _a9780833076991 | ||
| 100 | _aKilmer, Beau;Caulkins, Jonathan P.;Pacula, Rosalie Liccardo;Reuter, Peter H. | ||
| 245 |
_cKilmer, Beau;Caulkins, Jonathan P.;Pacula, Rosalie Liccardo;Reuter, Peter H. _aThe U.S. Drug Policy Landscape _bInsights and Opportunities for Improving the View |
||
| 260 |
_bRAND Corporation _c2012 |
||
| 650 | _aLaw | ||
| 856 | _uwww.jstor.org/stable/10.7249/j.ctt1q60vs | ||
| 999 |
_c352728 _d352728 |
||